000 00476cam a2200169ua 4500
041 _aeng
_h
082 _a823.308
_bVER/JO
100 _aJules, Verne .
245 _aJourney to the centre of the Earth /
_cJules Verne.
_hTextual Documents
260 _aLondon :
_bLongman ,
_c1963.
300 _a152 ; .
440 0 _aLongman`s Simplified English Series,
_v
_x;
490 0 _aLongman`s Simplified English Series,
_v
_x;
504 _a
942 _cBK
999 _c5147
_d5147